Merleau-Ponty's philosophy of language : structuralism and dialectics /

Bibliographic Details
Main Author: Edie, James M.
Corporate Author: Center for Advanced Research in Phenomenology
Format: Book
Language:English
Published: [Pittsburgh, Pa.] : Washington, D.C. : Center for Advanced Research in Phenomenology ; University Press of America, 1987.
Series:Current continental research ; 206.
Subjects:

MARC

Tag First Indicator Second Indicator Subfields
LEADER 00000cam a2200000 a 4500
001 in00000902113
005 20150923191907.0
008 870728s1987 pau b 00110 eng
010 |a  87021622  
020 |a 0819166367 (alk. paper) :  |c $18.50 
020 |a 0819166375 (pbk. : alk. paper) :  |c $8.75 
035 |a (OCoLC)16472000 
035 |9 AEN0439AM 
040 |a DLC  |c DLC  |d TXA  |d UtOrBLW 
049 |a TXAM  |c [A13009125] 
050 0 0 |a B2430.M3764  |b E35 1987 
082 0 |a 194  |2 19 
100 1 |a Edie, James M. 
245 1 0 |a Merleau-Ponty's philosophy of language :  |b structuralism and dialectics /  |c James M. Edie. 
264 1 |a [Pittsburgh, Pa.] :  |b Center for Advanced Research in Phenomenology ;  |a Washington, D.C. :  |b University Press of America,  |c 1987. 
300 |a vii, 104 pages ;  |c 24 cm. 
336 |a text  |b txt  |2 rdacontent 
337 |a unmediated  |b n  |2 rdamedia 
338 |a volume  |b nc  |2 rdacarrier 
490 1 |a Current continental research ;  |v 206 
504 |a Bibliography: pages [85]-104. 
500 |a Includes indexes. 
600 1 0 |a Merleau-Ponty, Maurice,  |d 1908-1961. 
650 0 |a Language and languages  |x Philosophy  |x History  |y 20th century. 
710 2 |a Center for Advanced Research in Phenomenology. 
830 0 |a Current continental research ;  |v 206. 
999 |a MARS 
999 f f |s 9eafcca2-af04-3040-bf47-988f8ecef077  |i 7480eede-3199-39cf-8a4c-3b65cbc716c9  |t 0 
952 f f |p normal  |a Texas A&M University  |b College Station  |c Sterling C. Evans Library  |d Evans: Library Stacks  |t 0  |e B2430.M3764 E35 1987  |h Library of Congress classification  |i unmediated -- volume  |m A14813009125 
998 f f |a B2430.M3764 E35 1987  |t 0  |l Evans: Library Stacks